Los sindicatos y la asignacin̤ del ingreso en Colombia un siglo de historia laboral (Registro nro. 6786)
[ vista simple ]
| 000 -LEADER | |
|---|---|
| fixed length control field | 01574nam a2200301Ia 4500 |
| 003 - CONTROL NUMBER IDENTIFIER | |
| control field | OSt |
| 005 - DATE AND TIME OF LATEST TRANSACTION | |
| control field | 20200805151053.0 |
| 008 - FIXED-LENGTH DATA ELEMENTS--GENERAL INFORMATION | |
| fixed length control field | 130821s2009 ck ad gr spa |
| 020 ## - INTERNATIONAL STANDARD BOOK NUMBER | |
| International Standard Book Number | 9789586954457 |
| 040 ## - CATALOGING SOURCE | |
| Original cataloging agency | Co-BoUCM |
| Transcribing agency | CO-JMCR |
| 041 0# - LANGUAGE CODE | |
| Language code of text/sound track or separate title | spa |
| 082 04 - DEWEY DECIMAL CLASSIFICATION NUMBER | |
| Classification number | 344.0188 / |
| Item number | C967s |
| Edition number | 23 |
| 100 1# - MAIN ENTRY--PERSONAL NAME | |
| Personal name | Cuéllar Lóp̤ez, María Mercedes, |
| Relator term | autor |
| 9 (RLIN) | 8459 |
| 245 14 - TITLE STATEMENT | |
| Title | Los sindicatos y la asignacin̤ del ingreso en Colombia un siglo de historia laboral |
| Statement of responsibility, etc. | María Mercedes Cuéllar López |
| 260 ## - PUBLICATION, DISTRIBUTION, ETC. | |
| Place of publication, distribution, etc. | Bogotá : |
| Name of publisher, distributor, etc. | Ediciones Uniandes, Asobancaria, |
| Date of publication, distribution, etc. | 2009. |
| 300 ## - PHYSICAL DESCRIPTION | |
| Extent | 784 páginas : |
| Other physical details | ilustraciones, cuadros, gráficos a blanco y negro ; |
| Accompanying material | 23 cm, + 1 CD-ROM. |
| 500 ## - GENERAL NOTE | |
| General note | El CD-ROM contiene las sentencias reseądas en el libro en formato .doc |
| 504 ## - BIBLIOGRAPHY, ETC. NOTE | |
| Bibliography, etc. note | Incluye bibliografía e índice general. |
| 505 0# - FORMATTED CONTENTS NOTE | |
| Formatted contents note | Marco teórico -- El papel del sindicalismo en Colombia -- Colombia y la política laboral |
| 520 0# - SUMMARY, ETC. | |
| Summary, etc. | La obra Los sindicatos y la asignación del ingreso en Colombia. Un siglo de historia laboral es el resultado de un recorrido analítico a lo largo de un siglo en la historia del derecho laboral colombiano que pretende, por una parte, dilucidar su estructura y evolución. |
| 650 04 - SUBJECT ADDED ENTRY--TOPICAL TERM | |
| Topical term or geographic name entry element | Derecho a la huelga |
| General subdivision | Legislación |
| Geographic subdivision | Colombia |
| 9 (RLIN) | 12682 |
| 650 24 - SUBJECT ADDED ENTRY--TOPICAL TERM | |
| Topical term or geographic name entry element | Derecho laboral |
| 9 (RLIN) | 12787 |
| 650 24 - SUBJECT ADDED ENTRY--TOPICAL TERM | |
| Topical term or geographic name entry element | Derecho laboral |
| Geographic subdivision | Colombia |
| 9 (RLIN) | 12787 |
| 650 24 - SUBJECT ADDED ENTRY--TOPICAL TERM | |
| Topical term or geographic name entry element | Política laboral |
| General subdivision | Historia |
| Geographic subdivision | Colombia |
| 9 (RLIN) | 21993 |
| 650 24 - SUBJECT ADDED ENTRY--TOPICAL TERM | |
| Topical term or geographic name entry element | Sindicalismo |
| General subdivision | Aspectos constitucionales |
| Geographic subdivision | Colombia |
| 9 (RLIN) | 24443 |
| 710 2# - ADDED ENTRY--CORPORATE NAME | |
| Corporate name or jurisdiction name as entry element | Universidad de los Andes. |
| Subordinate unit | Facultad de Derecho |
| 9 (RLIN) | 8460 |
| 942 ## - ADDED ENTRY ELEMENTS (KOHA) | |
| Koha item type | Books |
| Source of classification or shelving scheme | Dewey Decimal Classification |
| Withdrawn status | Lost status | Source of classification or shelving scheme | Damaged status | Not for loan | Home library | Current library | Shelving location | Date acquired | Source of acquisition | Total Checkouts | Full call number | Barcode | Date last seen | Copy number | Price effective from | Koha item type |
|---|---|---|---|---|---|---|---|---|---|---|---|---|---|---|---|---|
| Dewey Decimal Classification | Biblioteca Pública José María del Castillo y Rada | Biblioteca Pública José María del Castillo y Rada | General Stacks | 04/15/2018 | Donación | 344.0188 / C967s | 201809969 | 05/16/2024 | Ej.1 | 08/05/2020 | Books | |||||
| Dewey Decimal Classification | Biblioteca Pública José María del Castillo y Rada | Biblioteca Pública José María del Castillo y Rada | Audio Visual | 04/15/2018 | Donación | 344.0188 / C967s | 201810696 | 03/02/2021 | Ej.1 | 08/05/2020 | Books |